Science Quiz

Random Science or Computer Quiz

Home Computers of the 1980s Quiz Stats

 Plays Quiz Updated Jun 25, 2017

Support Sporcle.
Go Orange.
Score 0/18 Timer 02:00
3 Plays Today
% Correct
PCjr - 1984
92.4%
Olivetti M20 - 1982
86.6%
IBM Clone - 1980s
84.8%
Apple IIgs - 1986
82.4%
Commodore VIC 20 - 1980
78.9%
Apple Macintosh - 1984
77.2%
Atari 800XL - 1984
76.2%
Commodore 64 - 1982
76%
Apple Lisa - 1983
72.2%
% Correct
Amstrad CPC - 1984
71.8%
Amiga 500 - 1987
67.7%
Compaq Portable - 1983
66.5%
Coleco Adam - 1983
66.2%
ZX Spectrum - 1982
64.1%
Commodore SX-64 - 1984
63.3%
Texas Instruments TI-99|4A - 1981
62.7%
Intellivision ECS - 1983
60.9%
Atari 130XE - 1985
58.5%

You're not logged in!

Compare scores with friends on all Sporcle quizzes.
OR
Log In
Forgot?

From the Vault

Last Words

by LTH

It's not often that a quiz can get you to recite the Star Trek intro, Pledge of Allegiance, and the Flintstones all in one sitting.
Remove Ads.
Support Sporcle.
Get the best of Sporcle when you Go Orange. This ad-free experience offers more features, more stats, and more fun while also helping to support Sporcle. Thank you for becoming a member.

Show Comments

Extras

Top Quizzes Today


Score Distribution

Your Account Isn't Verified!

In order to create a playlist on Sporcle, you need to verify the email address you used during registration. Go to your Sporcle Settings to finish the process.

Report this User

Report this user for behavior that violates our Community Guidelines.

Details: